Hướng dẫn thí nghiệm mạch điện tử

में बचाया:
ग्रंथसूची विवरण
मुख्य लेखक: Lê, Tiến Thường
स्वरूप: पुस्तक
भाषा:Undetermined
प्रकाशित: Thành phố Hồ Chí Minh Trường Đại Học Bách Khoa 1994
विषय:
टैग : टैग जोड़ें
कोई टैग नहीं, इस रिकॉर्ड को टैग करने वाले पहले व्यक्ति बनें!
Thư viện lưu trữ: Trung tâm Học liệu Trường Đại học Cần Thơ
LEADER 00606nam a2200193Ia 4500
001 CTU_29793
008 210402s9999 xx 000 0 und d
020 |c 6.000 
082 |a 621.381 
082 |b Th561 
100 |a Lê, Tiến Thường 
245 0 |a Hướng dẫn thí nghiệm mạch điện tử 
245 0 |c Lê Tiến Thường 
260 |a Thành phố Hồ Chí Minh 
260 |b Trường Đại Học Bách Khoa 
260 |c 1994 
650 |a electronic circuits 
904 |i Minh, 990423 
980 |a Trung tâm Học liệu Trường Đại học Cần Thơ